000 00647cam a22001934a 4500
005 20250605164352.0
008 250528s ||||||||||||||||||||||||d
035 _a24118
040 _aGR-AtMCL
_bgre
_dGR-AtMCL
_eAACR2
245 1 _aOrgasm / Barry R. Komisaruk, Carlos Beyer and Beverly Whipple on an Integration of Body, Nervous System and the Mind
260 _c2008
300 _a95
520 _aForgiveness, Is Love so Blind?, Theories of the Autistic Mind, Interview - Capgras Delusion.
700 1 _aSutton Jon
_99351
942 _cCR
710 2 _aThe British Psychological Society
_99823
999 _c9017
_d9017